[Event "EU-ch (Women) 24th"]
[Site "Rhodes"]
[Date "2024.04.22"]
[Round "4"]
[White "Guichard, Pauline"]
[Black "Manakova, Maria"]
[Result "1/2-1/2"]
[WhiteElo "2362"]
[BlackElo "2148"]
[PlyCount "210"]
[EventDate "2024.04.19"]
[EventType "swiss"]
[EventRounds "10"]
[EventCountry "GRE"]
[SourceTitle "CB18_2024"]
[SourceDate "2024.05.01"]
[SourceVersion "1"]
[SourceVersionDate "2024.05.01"]
[SourceQuality "2"]

1. d4 Nf6 2. c4 g6 3. Nc3 d5 4. cxd5 Nxd5 5. Bd2 Nb6 6. e3 Bg7 7. h4 e5 8. dxe5 Bxe5 9. h5 Nc6 10. Nf3 Bg7 11. h6 Bf6 12. Ne4 Bxb2 13. Qb1 Bf6 14. Nxf6+ Qxf6 15. Qc1 Nd5 16. Bc4 Ne5 17. Nxe5 Qxe5 18. Bxd5 Qxd5 19. Qxc7 0-0 20. Qc3 f6 21. 0-0 Be6 22. Qb2 Rf7 23. Bc3 Qg5 24. f4 Qf5 25. Bd4 Bd5 26. Rac1 Bc6 27. Rc5 Qe4 28. Rf3 Raf8 29. Rg3 a6 30. a3 Bd5 31. a4 Qe6 32. a5 Be4 33. Kh2 Rd8 34. Qc1 Bc6 35. f5 Qe4 36. Qb2 Rdf8 37. Qa2 Kh8 38. fxg6 hxg6 39. Rcg5 Kh7 40. R5g4 Qf5 41. Rf4 Qh5+ 42. Kg1 Qd1+ 43. Rf1 Qd3 44. Qb2 Qb5 45. Qc2 Qh5 46. Qc3 Qh4 47. Rh3 Qg4 48. Qb2 Qg5 49. Qa2 Qd5 50. Qd2 Qg5 51. Kh2 Rd8 52. Rf4 Rd5 53. Qf2 Rf5 54. Rhh4 Rxf4 55. Rxf4 Qh5+ 56. Kg1 Qd1+ 57. Kh2 Qh5+ 58. Kg1 Qd1+ 59. Qf1 Qxf1+ 60. Rxf1 Kxh6 61. Bxf6 Rd7 62. Bd4 Rd5 63. Ra1 Kh5 64. Ra2 Kg4 65. Bb6 Rg5 66. Rf2 Rf5 67. Rc2 Re5 68. Rc4+ Re4 69. Rc5 Re8 70. Rc2 Re5 71. Rc4+ Re4 72. Bd4 Kg3 73. Rc5 Kg4 74. Kf2 Re6 75. Bg7 g5 76. Bb2 Be4 77. Rc4 Kf5 78. Bh8 Kg4 79. Ba1 Kf5 80. Rb4 Kg4 81. Rd4 Rf6+ 82. Ke2 Re6 83. Kf2 Rf6+ 84. Kg1 Re6 85. Bb2 Kg3 86. Rd2 Bc6 87. Bd4 Be4 88. Bc5 Kg4 89. Bd6 Kf5 90. Kf2 Rf6 91. Kg3 Ke6 92. Kg4 Bxg2 93. Rxg2 Kxd6 94. Kxg5 Rf3 95. Re2 Ke5 96. Rb2 Rg3+ 97. Kh4 Rg7 98. Rb4 Kf5 99. Kh3 Ke5 100. Rd4 Kf5 101. Rf4+ Ke6 102. Rg4 Rh7+ 103. Kg3 Rh5 104. Rb4 Rxa5 105. Rxb7 Ke5 1/2-1/2

[Event "EU-ch (Women) 24th"]
[Site "Rhodes"]
[Date "2024.04.21"]
[Round "3"]
[White "Wikar, Martyna"]
[Black "Guichard, Pauline"]
[Result "1-0"]
[WhiteElo "2214"]
[BlackElo "2362"]
[PlyCount "160"]
[EventDate "2024.04.19"]
[EventType "swiss"]
[EventRounds "10"]
[EventCountry "GRE"]
[SourceTitle "CB18_2024"]
[SourceDate "2024.05.01"]
[SourceVersion "1"]
[SourceVersionDate "2024.05.01"]
[SourceQuality "2"]

1. e4 e5 2. Nf3 Nc6 3. Bc4 Nf6 4. d3 Bc5 5. Nc3 a6 6. Be3 d6 7. a4 0-0 8. h3 Nd4 9. 0-0 c6 10. Ba2 a5 11. Bxd4 exd4 12. Ne2 d5 13. exd5 Nxd5 14. Nfxd4 Nb4 15. c3 Nxa2 16. Rxa2 Qf6 17. Qd2 Qg6 18. Qe3 Bd6 19. b3 Bd7 20. f4 Rae8 21. Qg3 Re7 22. Rd2 Rfe8 23. Qxg6 hxg6 24. Ng3 f5 25. Re2 Re3 26. Rf3 Rxf3 27. Nxf3 Bxf4 28. Rxe8+ Bxe8 29. Kf2 Kf7 30. Ne2 Bc7 31. Ke3 Kf6 32. h4 Bb6+ 33. d4 c5 34. Ne5 cxd4+ 35. cxd4 g5 36. hxg5+ Kxg5 37. g3 Bd8 38. Nf4 Kf6 39. Nd5+ Ke6 40. Nf4+ Ke7 41. Nd5+ Kd6 42. Nc3 g5 43. Nc4+ Ke7 44. Kf3 Bh5+ 45. Kf2 Ke6 46. d5+ Kd7 47. Nb5 Bd1 48. Nd4 Bf6 49. Ke1 Bg4 50. Ne6 Bf3 51. Nc5+ Kc7 52. Ne6+ Kd7 53. Nc5+ Kc7 54. Ne6+ Kb8 55. Nb6 Ka7 56. Nc8+ Kb8 57. Nb6 Be7 58. Nd7+ Ka7 59. Nd4 Be4 60. d6 Bd8 61. Nb5+ Ka6 62. Nc7+ Ka7 63. Ne6 Bc6 64. Ne5 Bf6 65. Nxc6+ bxc6 66. d7 Kb6 67. Ke2 c5 68. Kd3 f4 69. g4 Be7 70. Ke4 c4 71. bxc4 Kc6 72. d8Q Bxd8 73. Nxd8+ Kc5 74. Nb7+ Kb6 75. Nd8 Kc5 76. Kd3 Kb4 77. Nb7 Kxa4 78. Kc3 f3 79. Kd3 Kb4 80. Nxa5 Kxa5 1-0

[Event "Bremen Jubilee 125 op"]
[Site "Bremen"]
[Date "2024.03.05"]
[Round "4"]
[White "Radeva, Viktoria"]
[Black "Guichard, Pauline"]
[Result "1/2-1/2"]
[WhiteElo "2325"]
[BlackElo "2385"]
[PlyCount "79"]
[EventDate "2024.03.02"]
[EventType "swiss"]
[EventRounds "9"]
[EventCountry "GER"]
[SourceTitle "CB11_2024"]
[SourceDate "2024.03.13"]
[SourceVersion "1"]
[SourceVersionDate "2024.03.13"]
[SourceQuality "1"]

1. e4 e5 2. Nf3 Nc6 3. Bc4 Nf6 4. d3 d5 5. exd5 Nxd5 6. 0-0 Be7 7. Re1 f6 8. d4 Nb6 9. Bb5 0-0 10. Bxc6 bxc6 11. dxe5 Qxd1 12. Rxd1 Bg4 13. Nbd2 fxe5 14. Re1 Bf6 15. Nxe5 Rae8 16. f4 Nd5 17. Ndc4 Nb4 18. Ne3 Bc8 19. Bd2 Nd5 20. Nxd5 cxd5 21. Bb4 Bxe5 22. Rxe5 Rxe5 23. fxe5 Rf4 24. c3 Bf5 25. Rf1 Rxf1+ 26. Kxf1 Bb1 27. a3 Kf7 28. Bc5 a5 29. Kf2 Ke6 30. Ke3 a4 31. Kd4 Ba2 32. Bf8 g6 33. Bg7 Bb3 34. Kc5 Kd7 35. Bh6 Ke6 36. Bf4 Kd7 37. Kb5 Bc2 38. Kc5 Bb3 39. Kb5 Bc2 40. Kc5 1/2-1/2

[Event "Bremen Jubilee 125 op"]
[Site "Bremen"]
[Date "2024.03.02"]
[Round "1"]
[White "Aditya, Mittal"]
[Black "Guichard, Pauline"]
[Result "1-0"]
[WhiteElo "2594"]
[BlackElo "2385"]
[PlyCount "67"]
[EventDate "2024.03.02"]
[EventType "swiss"]
[EventRounds "9"]
[EventCountry "GER"]
[SourceTitle "CB11_2024"]
[SourceDate "2024.03.13"]
[SourceVersion "1"]
[SourceVersionDate "2024.03.13"]
[SourceQuality "1"]

1. e4 e5 2. Nf3 Nc6 3. Bb5 Nf6 4. d3 Bc5 5. Nc3 Nd4 6. Nxe5 0-0 7. Bc4 d6 8. Nxf7 Rxf7 9. Bxf7+ Kxf7 10. h3 a5 11. Bg5 Ne6 12. Bh4 Kg8 13. Qd2 c6 14. Ne2 a4 15. c3 b5 16. Rd1 Qf8 17. f4 Ra7 18. f5 Nd8 19. g4 Re7 20. Ng3 Qe8 21. Kf1 b4 22. Kg2 bxc3 23. bxc3 Ba7 24. Rhe1 a3 25. Rb1 Rb7 26. Rxb7 Bxb7 27. Bxf6 gxf6 28. Nh5 Qf8 29. g5 fxg5 30. Qxg5+ Kh8 31. Kh2 Ba6 32. Qh4 Bxd3 33. Nf4 Qg8 34. Qf6+ 1-0

[Event "EU-ch Rapid (Women)"]
[Site "Monaco"]
[Date "2024.01.14"]
[Round "8"]
[White "Guichard, Pauline"]
[Black "Rodriguez Redondo, Adhara"]
[Result "1-0"]
[WhiteElo "2385"]
[BlackElo "2130"]
[PlyCount "79"]
[EventDate "2024.01.13"]
[EventType "swiss (rapid)"]
[EventRounds "11"]
[EventCountry "MNC"]
[SourceTitle "CB03_2024"]
[SourceDate "2024.01.17"]
[SourceVersion "1"]
[SourceVersionDate "2024.01.17"]
[SourceQuality "1"]

1. d4 Nf6 2. c4 e6 3. Nc3 Bb4 4. e3 0-0 5. Bd3 d5 6. a3 Be7 7. Nf3 Nbd7 8. 0-0 b6 9. cxd5 exd5 10. b4 a6 11. Qc2 Bb7 12. Bb2 Bd6 13. b5 a5 14. a4 Qe7 15. Qb3 Rfe8 16. Ba3 Ne4 17. Nxd5 Qe6 18. Bc4 Qg6 19. Bxd6 Nxd6 20. Nf4 Qh6 21. Bd5 Nf6 22. Bxb7 Nxb7 23. Rac1 Rac8 24. Rc6 Nd8 25. Rc2 Ne6 26. Nxe6 Rxe6 27. Rfc1 Re7 28. Rc6 Qh5 29. Rxb6 Rce8 30. Rbc6 Ne4 31. Rxc7 g5 32. Rxe7 Rxe7 33. Qd5 Kg7 34. b6 Qh6 35. Rc6 Qh5 36. b7 Rxb7 37. Qxe4 Qg4 38. Qe5+ Kf8 39. h3 Qd7 40. Qc5+ 1-0

[Event "EU-ch Blitz (Women)"]
[Site "Monaco"]
[Date "2024.01.12"]
[Round "3"]
[White "Hnatyshyn, Anastasiya"]
[Black "Guichard, Pauline"]
[Result "0-1"]
[WhiteElo "2152"]
[BlackElo "2385"]
[PlyCount "34"]
[EventDate "2024.01.12"]
[EventType "swiss (blitz)"]
[EventRounds "13"]
[EventCountry "MNC"]
[SourceTitle "CB03_2024"]
[SourceDate "2024.01.17"]
[SourceVersion "1"]
[SourceVersionDate "2024.01.17"]
[SourceQuality "1"]

1. e4 e5 2. Nf3 Nc6 3. Bc4 Nf6 4. d3 Bc5 5. c3 a6 6. 0-0 d6 7. Nbd2 Ba7 8. h3 0-0 9. Re1 Re8 10. Bb3 Be6 11. Nf1 h6 12. Be3 Bxe3 13. Nxe3 d5 14. Qc2 d4 15. Nf1 Nh5 16. Qd2 Qf6 17. cxd4 exd4 0-1

[Event "EU-ch Blitz (Women)"]
[Site "Monaco"]
[Date "2024.01.12"]
[Round "7"]
[White "Rodriguez Redondo, Adhara"]
[Black "Guichard, Pauline"]
[Result "0-1"]
[WhiteElo "2130"]
[BlackElo "2385"]
[PlyCount "96"]
[EventDate "2024.01.12"]
[EventType "swiss (blitz)"]
[EventRounds "13"]
[EventCountry "MNC"]
[SourceTitle "CB03_2024"]
[SourceDate "2024.01.17"]
[SourceVersion "1"]
[SourceVersionDate "2024.01.17"]
[SourceQuality "1"]

1. e4 e5 2. Nf3 Nc6 3. Bc4 Nf6 4. d3 Bc5 5. 0-0 d6 6. c3 a6 7. Bb3 0-0 8. Nbd2 Ba7 9. h3 h6 10. Re1 Re8 11. Nf1 Be6 12. Bxe6 Rxe6 13. Ng3 d5 14. exd5 Qxd5 15. Be3 Bxe3 16. Rxe3 Rd8 17. Qc2 Ne7 18. Rae1 Ng6 19. d4 Rde8 20. c4 Qa5 21. d5 R6e7 22. Nf5 Rd7 23. Qc3 Qxc3 24. bxc3 b5 25. Nxe5 Nxe5 26. Rxe5 Rxe5 27. Rxe5 bxc4 28. Ne3 Kf8 29. g3 Rd8 30. Kg2 Nd7 31. Re4 Nb6 32. Rd4 g6 33. Nxc4 Nxd5 34. Ne3 Nxe3+ 35. fxe3 Rb8 36. Rc4 Rb2+ 37. Kf3 Rxa2 38. Rxc7 a5 39. Ra7 h5 40. c4 a4 41. h4 Ke8 42. Ke4 a3 43. c5 Ra1 44. c6 a2 45. Ke5 Kd8 46. e4 Kc8 47. Kf6 Rf1+ 48. Ke5 a1Q+ 0-1

[Event "Wch Blitz (Women)"]
[Site "Samarkand"]
[Date "2023.12.29"]
[Round "3"]
[White "Franco Valencia, Angela Maria"]
[Black "Guichard, Pauline"]
[Result "1/2-1/2"]
[WhiteElo "2095"]
[BlackElo "2386"]
[PlyCount "114"]
[EventDate "2023.12.29"]
[EventType "swiss (blitz)"]
[EventRounds "17"]
[EventCountry "UZB"]
[SourceTitle "CB01_2024"]
[SourceDate "2024.01.03"]
[SourceVersion "1"]
[SourceVersionDate "2024.01.03"]
[SourceQuality "1"]

1. e4 e5 2. Nf3 Nc6 3. Bc4 Nf6 4. d3 Bc5 5. c3 a6 6. 0-0 Ba7 7. Bb3 d6 8. Be3 Bxe3 9. fxe3 0-0 10. Nbd2 Ne7 11. Nh4 Kh8 12. Nf5 Neg8 13. Qf3 g6 14. Nh4 c6 15. h3 Kg7 16. Qf2 d5 17. exd5 cxd5 18. e4 Be6 19. Rae1 Qc7 20. exd5 Bxd5 21. Qg3 Bxb3 22. axb3 Rfe8 23. Nc4 Nh5 24. Qf2 f6 25. d4 exd4 26. Rxe8 Rxe8 27. Qxd4 Ng3 28. Qd2 Ne2+ 29. Kh1 Ng3+ 30. Kg1 Nxf1 31. Kxf1 Qh2 32. Nf3 Qc7 33. Qd4 Nh6 34. Kf2 Nf5 35. Qd3 Qc5+ 36. Nd4 Nxd4 37. cxd4 Qf5+ 38. Qxf5 gxf5 39. Nd6 Rd8 40. Nxf5+ Kg6 41. g4 Rd7 42. Ke3 Rc7 43. Kd3 Rc1 44. Nd6 b5 45. d5 Rd1+ 46. Ke4 Re1+ 47. Kd4 Rh1 48. Nf5 Rxh3 49. d6 Rh2 50. Ne7+ Kf7 51. Nd5 Ke6 52. Kc5 Rc2+ 53. Nc3 Kd7 54. Kb4 Rxb2 55. Ne4 Re2 56. Nxf6+ Kxd6 57. Nxh7 Ra2 1/2-1/2

[Event "Wch Blitz (Women)"]
[Site "Samarkand"]
[Date "2023.12.29"]
[Round "6"]
[White "Guichard, Pauline"]
[Black "Ovezdurdiyeva, Jemal"]
[Result "1-0"]
[WhiteElo "2386"]
[BlackElo "2057"]
[PlyCount "53"]
[EventDate "2023.12.29"]
[EventType "swiss (blitz)"]
[EventRounds "17"]
[EventCountry "UZB"]
[SourceTitle "CB01_2024"]
[SourceDate "2024.01.03"]
[SourceVersion "1"]
[SourceVersionDate "2024.01.03"]
[SourceQuality "1"]

1. d4 Nf6 2. c4 g6 3. Nc3 Bg7 4. Nf3 0-0 5. Bg5 d6 6. e3 c5 7. d5 Bg4 8. Be2 Bxf3 9. Bxf3 Nbd7 10. 0-0 Ne5 11. Be2 a6 12. f4 Ned7 13. e4 Rb8 14. a4 Qc7 15. Qd3 Rfd8 16. Rae1 Qb6 17. Bf3 e6 18. e5 Ne8 19. Bxd8 Rxd8 20. exd6 Nxd6 21. dxe6 fxe6 22. Rxe6 Nf8 23. Nd5 Qxb2 24. Re7 Qd4+ 25. Qxd4 Bxd4+ 26. Kh1 Bf6 27. Nxf6+ 1-0

[Event "Wch Blitz (Women)"]
[Site "Samarkand"]
[Date "2023.12.29"]
[Round "8"]
[White "Lei, Tingjie"]
[Black "Guichard, Pauline"]
[Result "1-0"]
[WhiteElo "2550"]
[BlackElo "2386"]
[PlyCount "77"]
[EventDate "2023.12.29"]
[EventType "swiss (blitz)"]
[EventRounds "17"]
[EventCountry "UZB"]
[SourceTitle "CB01_2024"]
[SourceDate "2024.01.03"]
[SourceVersion "1"]
[SourceVersionDate "2024.01.03"]
[SourceQuality "1"]

1. e4 e5 2. Nf3 Nc6 3. Bc4 Nf6 4. d3 Bc5 5. c3 a6 6. a4 Ba7 7. 0-0 d6 8. Re1 0-0 9. h3 Ne7 10. Nbd2 Ng6 11. Nf1 c6 12. Bb3 d5 13. exd5 Nxd5 14. Ng3 Qc7 15. d4 exd4 16. Nxd4 Be6 17. Qf3 Rae8 18. Bd2 Bb8 19. Bc2 Ndf4 20. Nxe6 Rxe6 21. Rxe6 Nxe6 22. Re1 Qb6 23. Bc1 Ba7 24. Nf5 Qc7 25. h4 Ne7 26. Nxe7+ Qxe7 27. h5 Qh4 28. g3 Qc4 29. b3 Qd5 30. Qf5 Qxf5 31. Bxf5 Re8 32. Kf1 g6 33. hxg6 hxg6 34. Bc2 Nc7 35. Bd2 Rd8 36. Bg5 Re8 37. Rd1 Ne6 38. Bf6 Nc5 39. b4 1-0

[Event "Wch Rapid (Women)"]
[Site "Samarkand"]
[Date "2023.12.26"]
[Round "2"]
[White "Gunina, Valentina"]
[Black "Guichard, Pauline"]
[Result "0-1"]
[WhiteElo "2437"]
[BlackElo "2386"]
[PlyCount "122"]
[EventDate "2023.12.26"]
[EventType "swiss (rapid)"]
[EventRounds "11"]
[EventCountry "UZB"]
[SourceTitle "CB01_2024"]
[SourceDate "2024.01.03"]
[SourceVersion "1"]
[SourceVersionDate "2024.01.03"]
[SourceQuality "1"]

1. d4 Nf6 2. c4 e6 3. Nf3 d5 4. Nc3 dxc4 5. e4 b5 6. e5 Nd5 7. Nxb5 Nb6 8. Be2 Be7 9. Be3 Nc6 10. a3 Qd7 11. Nc3 Bb7 12. Qc2 Na5 13. Rd1 f5 14. exf6 gxf6 15. 0-0 0-0-0 16. Rfe1 Rhg8 17. Bf4 Bd6 18. Bg3 f5 19. Bh4 Qg7 20. g3 f4 21. Nb5 Be7 22. Bxe7 Qxe7 23. Qd2 fxg3 24. fxg3 Nb3 25. Qh6 Rg6 26. Qh3 a6 27. Nc3 Rf6 28. Qh4 Qg7 29. Ne5 Rdf8 30. Ne4 Rf4 31. Qg5 Qxg5 32. Nxg5 Rf2 33. Ngf3 Rxe2 34. Rxe2 Rxf3 35. d5 Rf6 36. dxe6 Rxe6 37. Nc6 Rd6 38. Ne7+ Kd7 39. Rxd6+ cxd6 40. Ng8 d5 41. Nf6+ Kd6 42. Nxh7 d4 43. Ng5 d3 44. Re6+ Kd5 45. Kf2 Na4 46. Re7 Bc6 47. Ne4 Nxb2 48. Ke3 Nd1+ 49. Kf4 c3 50. Re5+ Kd4 51. Ng5 c2 52. Ne6+ Kc3 53. Kf5 c1Q 54. Nf4 Bd7+ 55. Kf6 Qxa3 56. Rd5 Qf8+ 57. Kg6 Qg8+ 58. Kf6 Qf8+ 59. Kg6 Be8+ 60. Kh7 Nc5 61. h4 Ne3 0-1

[Event "FIDE Grand Swiss (Women)"]
[Site "Douglas"]
[Date "2023.10.30"]
[Round "6"]
[White "Wagner, Dinara"]
[Black "Guichard, Pauline"]
[Result "1/2-1/2"]
[WhiteElo "2461"]
[BlackElo "2358"]
[PlyCount "140"]
[EventDate "2023.10.25"]
[EventType "swiss"]
[EventRounds "11"]
[EventCountry "IOM"]
[SourceTitle "Mega2024 Update 01"]
[Source "Chessbase"]
[SourceDate "2023.11.12"]
[SourceVersion "1"]
[SourceVersionDate "2023.11.12"]
[SourceQuality "1"]

1. d4 Nf6 2. c4 e6 3. Nc3 Bb4 4. e3 0-0 5. Bd3 d5 6. a3 Bxc3+ 7. bxc3 dxc4 8. Bxc4 c5 9. Ne2 Qc7 10. Ba2 b6 11. 0-0 Ba6 12. Re1 Nc6 13. Ng3 Rfd8 14. Rb1 Rac8 15. Rb2 Ne5 16. Rd2 Nc4 17. Bxc4 Bxc4 18. e4 Ne8 19. Qg4 f6 20. h4 Qf7 21. h5 cxd4 22. cxd4 Rd7 23. Qf3 h6 24. a4 Rcd8 25. Bb2 Ba6 26. d5 Bb7 27. dxe6 Qxe6 28. Rxd7 Rxd7 29. Qf4 Nd6 30. Bc3 Kh7 31. e5 Qd5 32. f3 fxe5 33. Bxe5 Re7 34. Bc3 Rxe1+ 35. Bxe1 Bc8 36. Bc3 Nf5 37. Ne4 Bd7 38. Qc7 Qd1+ 39. Kh2 Ne3 40. Nd2 Qxa4 41. Qg3 Nf5 42. Qg6+ Kh8 43. Ne4 Qc6 44. Nf6 Qd6+ 45. g3 Qxg3+ 46. Qxg3 Nxg3 47. Nxd7 Nxh5 48. Be5 b5 49. Kh3 Kg8 50. Kg4 g6 51. Bc3 Ng7 52. Ne5 Kh7 53. Nc6 a6 54. Nb8 g5 55. Nxa6 Kg6 56. Nc7 Nf5 57. Kh3 h5 58. Kh2 g4 59. f4 Ne3 60. Nxb5 Kf5 61. Be5 Ke4 62. Kg3 Nf5+ 63. Kf2 Kd5 64. Nc3+ Ke6 65. Ne4 Ne7 66. Bf6 Nd5 67. Bg5 h4 68. Kg2 Nxf4+ 69. Bxf4 Kf5 70. Bg5 Kxe4 1/2-1/2

[Event "FIDE Grand Swiss (Women)"]
[Site "Douglas"]
[Date "2023.10.29"]
[Round "5"]
[White "Guichard, Pauline"]
[Black "Mammadzada, Gunay Vuqar Qizi"]
[Result "0-1"]
[WhiteElo "2358"]
[BlackElo "2441"]
[PlyCount "90"]
[EventDate "2023.10.25"]
[EventType "swiss"]
[EventRounds "11"]
[EventCountry "IOM"]
[SourceTitle "Mega2024 Update 01"]
[Source "Chessbase"]
[SourceDate "2023.11.12"]
[SourceVersion "1"]
[SourceVersionDate "2023.11.12"]
[SourceQuality "1"]

1. d4 Nf6 2. c4 e6 3. Nc3 Bb4 4. e3 0-0 5. Bd2 d5 6. Nf3 Nbd7 7. Rc1 c6 8. Bd3 Qe7 9. 0-0 dxc4 10. Bxc4 e5 11. Qc2 Bxc3 12. Bxc3 e4 13. Ne5 Nb6 14. Be2 Bf5 15. Bd2 Nfd5 16. a4 Nd7 17. Nxd7 Qxd7 18. b4 Rfe8 19. Bc4 a6 20. Bxd5 Qxd5 21. Qd1 Qd7 22. Rc5 b6 23. Rc1 Re6 24. a5 b5 25. Rc5 Rg6 26. f4 exf3 27. Qxf3 Bd3 28. Rf2 Re8 29. Qh5 f5 30. Qd1 Be4 31. Qc1 Bd5 32. Qf1 Rf8 33. Bc1 Rff6 34. Rcc2 Be4 35. Rc5 Rg4 36. Re5 Rfg6 37. g3 h5 38. Rf4 h4 39. Rxg4 Rxg4 40. Kf2 Qf7 41. Qe2 hxg3+ 42. hxg3 Qh5 43. Ke1 Qh3 44. Qf2 Rxg3 45. Re8+ Kh7 0-1